000 00990nam a2200301Ia 4500
001 3058
003 IT-RoPAU
008 130308s9999 xx 000 0 und d
040 _aIT-RoPAU
040 _cIT-RoPAU
041 _aFRANCESE
100 _aGillet Daubin Myriam
100 _gCodice Aut. SPICS: 10592
245 _aCommunications de masse en Colombie
245 _bCommunications de masse En Amerique Latine
250 _a1a ed.
260 _aPARIS
260 _bCNRS
260 _c1979 [1° Ed.:1979 - Ed.Ling.Originale:1979]
300 _a"24 p. (prefazione: no ; testo: 24 [pagine: 83-106])"
500 _aComunicazioni di Massa in Colombia Strumenti di liberazione o mezzi di Schiavitu'? Struttura di Potere Dello Strumento di Comunicazione Ideologia dei Messaggi Superiorità Dello Spettacolo Divertimento
650 _aSAGGI DI COMUNICAZIONE SOCIALE
650 _eCodice materia Spics: 3807
942 _cBK
957 _71
999 _c44762
_d44762
999 _bSI
999 _g1